<?xml version="1.0" encoding="UTF-8"?>
<record
    xmlns:xsi="http://www.w3.org/2001/XMLSchema-instance"
    xsi:schemaLocation="http://www.loc.gov/MARC21/slim http://www.loc.gov/standards/marcxml/schema/MARC21slim.xsd"
    xmlns="http://www.loc.gov/MARC21/slim">

  <leader>00633nam a22002657a 4500</leader>
  <controlfield tag="003">UA-OsUOA</controlfield>
  <controlfield tag="001"> 23248 </controlfield>
  <controlfield tag="007">ta</controlfield>
  <controlfield tag="008">20040115b un ||||| |||| 00| 0 ukr d</controlfield>
  <datafield tag="100" ind1=" " ind2=" ">
    <subfield code="a">&#x425;&#x43E;&#x43F;&#x43A;&#x43E; &#x424;&#x43E;&#x43C;&#x430;</subfield>
  </datafield>
  <datafield tag="090" ind1=" " ind2=" ">
    <subfield code="a">242</subfield>
    <subfield code="b">&#x425;78</subfield>
  </datafield>
  <datafield tag="942" ind1=" " ind2=" ">
    <subfield code="c">BK</subfield>
  </datafield>
  <datafield tag="040" ind1=" " ind2=" ">
    <subfield code="a">UA-OsUOA</subfield>
    <subfield code="b">rus</subfield>
    <subfield code="c">UA-OsUOA</subfield>
    <subfield code="d">UA-OsUOA</subfield>
  </datafield>
  <datafield tag="245" ind1=" " ind2=" ">
    <subfield code="a">&#x41E;&#x441;&#x43D;&#x43E;&#x432;&#x44B; &#x43F;&#x440;&#x430;&#x432;&#x43E;&#x441;&#x43B;&#x430;&#x432;&#x438;&#x44F;</subfield>
  </datafield>
  <datafield tag="300" ind1=" " ind2=" ">
    <subfield code="a">344 &#x441;.</subfield>
  </datafield>
  <datafield tag="955" ind1=" " ind2=" ">
    <subfield code="a">0</subfield>
  </datafield>
  <datafield tag="041" ind1=" " ind2=" ">
    <subfield code="a">rus</subfield>
  </datafield>
  <datafield tag="080" ind1=" " ind2=" ">
    <subfield code="a">242</subfield>
  </datafield>
  <datafield tag="020" ind1=" " ind2=" ">
    <subfield code="a">0-934927-04-09</subfield>
  </datafield>
  <datafield tag="260" ind1=" " ind2=" ">
    <subfield code="a">&#x41C;&#x438;&#x43D;&#x441;&#x43A;</subfield>
    <subfield code="b">"&#x41F;&#x43E;&#x43B;&#x438;&#x444;&#x430;&#x43A;&#x442;"</subfield>
    <subfield code="c">1991</subfield>
  </datafield>
  <datafield tag="044" ind1=" " ind2=" ">
    <subfield code="a">BY</subfield>
  </datafield>
  <datafield tag="250" ind1=" " ind2=" ">
    <subfield code="n">&#x420;&#x435;&#x43F;&#x440;&#x438;&#x43D;&#x442;&#x43D;&#x43E;&#x435; &#x438;&#x437;&#x434;. R.B.R., 1987</subfield>
  </datafield>
  <datafield tag="650" ind1=" " ind2="7">
    <subfield code="2">UDC</subfield>
  </datafield>
  <datafield tag="999" ind1=" " ind2=" ">
    <subfield code="c">309492</subfield>
    <subfield code="d">309492</subfield>
  </datafield>
  <datafield tag="952" ind1=" " ind2=" ">
    <subfield code="0">0</subfield>
    <subfield code="1">0</subfield>
    <subfield code="2">udc</subfield>
    <subfield code="4">0</subfield>
    <subfield code="7">0</subfield>
    <subfield code="a">102</subfield>
    <subfield code="b">102</subfield>
    <subfield code="d">2004-01-15</subfield>
    <subfield code="g">4.00</subfield>
    <subfield code="i">63640</subfield>
    <subfield code="l">0</subfield>
    <subfield code="o">242 &#x425;78</subfield>
    <subfield code="p">63640</subfield>
    <subfield code="r">2022-02-07 00:00:00</subfield>
    <subfield code="w">2004-01-15</subfield>
    <subfield code="y">BK</subfield>
  </datafield>
</record>
